000 00610nam a2200169 i 4500
001 75553
003 ES-MaACL
005 20230906172514.0
007 t|
008 160603q1915 xxk ||||1| spa d
100 1 _aGrey de Fallodon, Edward Grey
_cVizconde (
_d1862-1933)
_959971
245 1 0 _aDiscurso pronunciado por el muy honorable Sir Edward Grey ... en el Salón Bechstein, Londres, el lunes 22 de marzo de 1915.
260 _aParis ;
_aEdimburgo ... [etc.] :
_bThomas Nelson & Sons,
_c[1915]
300 _a16 p. ;
_c17 cm.
650 0 4 _aGuerra mundial, 1914-1918.
_913212
852 _aES-MaACL
_j1578-F-4
999 _c75553
_d75553